100 U.S. Cities that Have Lost the Most People - Statistics

General Stats
  • This quiz has been taken 15,460 times
    5,876 since last reset
  • The average score is 43 of 100
Answers on the Map
Answers color-coded by a green-red scale on the quiz's map according to % correct below.
 
Answer Stats
Loss % Peak State City % Correct
-899,654 24.8% 1950 IL Chicago
97%
-1,203,863 65.1% 1950 MI Detroit
95%
-264,824 42.2% 1960 LA New Orleans
93%
-326,118 3.7% 2020 NY New York City
93%
-46,439 5.3% 2020 CA San Francisco
93%
-20,043 0.5% 2020 CA Los Angeles
92%
-127,986 16.0% 1950 MA Boston
91%
-93,139 17.9% 1950 MN Minneapolis
89%
-497,689 24.0% 1950 PA Philadelphia
89%
-549,429 60.1% 1950 OH Cleveland
88%
-381,437 40.2% 1950 MD Baltimore
87%
-303,515 52.3% 1950 NY Buffalo
87%
-177,793 24.0% 1960 WI Milwaukee
86%
-369,138 54.5% 1950 PA Pittsburgh
86%
-577,101 67.4% 1950 MO St. Louis
86%
-189,083 37.5% 1950 OH Cincinnati
85%
-99,928 12.5% 1950 -- Washington
83%
-26,690 7.2% 2000 HI Honolulu
82%
-33,678 24.9% 1950 NY Albany
81%
-39,181 6.0% 2000 TN Memphis
80%
-144,530 42.4% 1960 AL Birmingham
79%
-61,446 30.3% 1980 MS Jackson
78%
-24,267 44.0% 1930 MI Jackson
78%
-125,034 28.3% 1930 NJ Newark
76%
-58,798 23.2% 1940 RI Providence
76%
-24,585 29.7% 1960 OH Springfield
75%
-19,575 11.2% 1960 MA Springfield
75%
-125,206 37.7% 1950 NY Rochester
70%
-55,268 31.2% 1950 CT Hartford
69%
-118,180 30.8% 1970 OH Toledo
69%
-74,486 33.8% 1950 NY Syracuse
68%
-39,314 45.8% 1960 WV Charleston
66%
-100,687 34.7% 1960 OH Akron
65%
-110,765 62.1% 1960 IN Gary
63%
-38,895 43.4% 1950 PA Harrisburg
62%
-125,986 48.0% 1960 OH Dayton
61%
-45,500 32.9% 1960 PA Erie
60%
-19,326 18.0% 1960 MN Duluth
58%
-36,816 28.8% 1950 NJ Trenton
58%
-26,881 16.3% 1950 CT New Haven
55%
-117,205 59.5% 1960 MI Flint
54%
-27,239 41.1% 1930 NJ Atlantic City
52%
-67,528 47.1% 1930 PA Scranton
52%
-54,882 53.6% 1960 NY Niagara Falls
51%
-76,846 25.0% 1970 VA Norfolk
51%
-30,411 14.7% 1980 LA Shreveport
49%
-28,732 21.7% 1960 IN South Bend
42%
-39,328 35.0% 1940 DE Wilmington
39%
-38,080 37.4% 1930 NY Utica
38%
-110,879 65.2% 1930 OH Youngstown
37%
-22,567 48.0% 1960 RI Newport
35%
-64,558 78.4% 1950 IL East St. Louis
33%
-26,148 18.5% 1960 IN Evansville
32%
-41,411 48.0% 1950 WV Huntington
28%
-55,264 56.2% 1960 MI Saginaw
28%
-35,599 57.7% 1930 WV Wheeling
28%
-52,806 42.4% 1950 NJ Camden
27%
-47,701 40.8% 1950 OH Canton
26%
-21,793 6.4% 2000 CA Santa Ana
25%
-33,901 42.0% 1950 NY Binghamton
24%
-25,748 33.5% 1910 NY Troy
24%
-41,965 48.4% 1930 PA Wilkes-Barre
24%
-26,197 27.4% 1930 NY Schenectady
22%
-39,335 47.9% 1930 PA Altoona
21%
-24,811 39.1% 1970 OH Warren
21%
-21,518 40.1% 1960 MI Bay City
20%
-19,899 16.4% 1920 MA New Bedford
18%
-31,881 31.0% 1900 MO St. Joseph
18%
-25,796 21.4% 1920 MA Fall River
16%
-35,668 31.9% 1960 IN Hammond
16%
-31,901 55.3% 1960 IN East Chicago
15%
-19,044 35.4% 1970 OH Lima
15%
-22,751 26.7% 1970 MI Pontiac
15%
-25,318 26.9% 1980 IL Decatur
14%
-18,604 32.4% 1970 AR Pine Bluff
14%
-19,656 38.1% 1960 NY Rome
14%
-31,987 48.4% 1950 PA Chester
13%
-23,461 47.2% 1950 NY Elmira
13%
-49,474 73.5% 1920 PA Johnstown
13%
-23,641 36.2% 1930 KY Covington
11%
-20,840 52.8% 1940 MD Cumberland
11%
-20,866 20.8% 1970 OH Parma
11%
-25,071 58.9% 1930 OH Portsmouth
11%
-25,002 43.0% 1960 AL Gadsden
9%
-23,131 32.3% 1970 OH Euclid
8%
-27,502 56.3% 1950 PA New Castle
8%
-21,759 20.9% 1930 MA Somerville
8%
-19,622 52.1% 1940 OH Steubenville
8%
-26,645 66.5% 1950 OH East Cleveland
7%
-28,844 51.3% 1930 MI Hamtramck
7%
-22,365 37.1% 1920 MA Holyoke
7%
-20,992 29.8% 1930 OH Lakewood
7%
-27,987 32.5% 1970 MI Royal Oak
6%
-30,016 34.1% 1970 MI St. Clair Shores
6%
-38,236 69.1% 1940 PA McKeesport
5%
-44,569 84.2% 1930 MI Highland Park
4%
-28,593 60.4% 1960 AL Prichard
4%
-19,305 44.4% 1960 MI Wyandotte
4%
-19,210 92.0% 1920 PA Braddock
3%
-21,618 83.9% 1910 PA Shenandoah
3%
No matching quizzes found
Score Distribution
Percent of People with Each Score
Percentile by Number Answered
Your Score History
You have not taken this quiz since the last reset